MARC

LEADER 00000nam0a2200000 4500
001 45514
005 20231031023930.0
010 |a 5777701434 
035 |a (RuTPU)RU\TPU\book\47380 
090 |a 45514 
100 |a 20021210d2001 km y0rusy50 ca 
101 1 |a rus  |c eng 
102 |a RU 
105 |a y z 001zb 
200 1 |a Буддизм  |e пер. с англ.  |f Д. Кеоун 
210 |a Москва  |c Весь Мир  |d 2001 
215 |a 173 с. 
225 1 |a Весь Мир Знаний 
320 |a Библиогр.: с. 171-173. 
600 0 |a Будда  |c древнеиндийский мудрец Шакьямуни после обретения им особого духовного дара  |2 stltpui  |3 (RuTPU)RU\TPU\pers\54 
610 1 |a религия 
610 1 |a буддизм 
610 1 |a Азия 
610 1 |a медитация 
610 1 |a этика 
686 |a Э35  |v LBC/SL-A  |2 rubbk 
700 1 |a Кеоун  |b Д.  |g Дамьен 
801 1 |a RU  |b 63413507  |c 20021210  |g PSBO 
801 2 |a RU  |b 63413507  |c 20150818  |g PSBO 
942 |c BK